[Event "DEM U10 2018"]
[Site "Willingen GER"]
[Date "2018.05.24"]
[Round "8"]
[White "Müller, Milo"]
[Black "Weyerer, Noah"]
[Result "1/2-1/2"]
[Termination "normal"]
[Board "16"]
[WhiteElo "1443"]
[BlackElo "1263"]
[PlyCount "52"]
[WhiteFideId "16265700"]
[BlackFideId "16250664"]
[EventCountry "GER"]
[EventRounds "11"]
[EventType "swiss"]
[EventDate "2018.05.19"]

1. e4 d6 2. d4 Nf6 3. Nc3 e5 4. dxe5 dxe5 5. Qxd8+ Kxd8 6. Bg5 Be6 7. f4 exf4
8. Nf3 Kc8 9. O-O-O Nbd7 10. Bxf4 a6 11. Be2 Bc5 12. h3 Nh5 13. Bh2 Be3+ 14.
Kb1 Bf4 15. Nd5 Bxh2 16. Rxh2 Ng3 17. Nc3 b5 18. Bd3 c5 19. Ne2 Nh5 20. c3 c4
21. Bc2 h6 22. g4 Nhf6 23. Nfd4 Nc5 24. Ng3 Rb8 25. Rhd2 Rb6 26. Ndf5 Bxf5
1/2-1/2

[Event "DEM U10 2018"]
[Site "Willingen GER"]
[Date "2018.05.24"]
[Round "8"]
[White "Krüger, Arthur"]
[Black "Cernov, Henrik"]
[Result "1/2-1/2"]
[Termination "normal"]
[Board "17"]
[WhiteElo "1549"]
[BlackElo "1353"]
[PlyCount "99"]
[WhiteFideId "16244966"]
[BlackFideId "16258312"]
[EventCountry "GER"]
[EventRounds "11"]
[EventType "swiss"]
[EventDate "2018.05.19"]

1. e4 c5 2. Nf3 e6 3. d4 cxd4 4. Nxd4 Nf6 5. Nc3 Nc6 6. Nxc6 bxc6 7. e5 Nd5 8.
Ne4 Qa5+ 9. Bd2 Qb6 10. Rb1 Qd4 11. Bd3 Qxe5 12. O-O Qc7 13. f4 Nb6 14. c4 d5
15. cxd5 Nxd5 16. Qc2 Qb6+ 17. Kh1 Bb7 18. Rbe1 Be7 19. f5 O-O 20. f6 Nxf6 21.
Nxf6+ Bxf6 22. Bxh7+ Kh8 23. Rf3 Bh4 24. Rh3 Qf2 25. Be4 Rfd8 26. Bc3 Kg8 27.
Qxf2 Bxf2 28. Rf1 Ba6 29. Rc1 Rac8 30. Rf3 Bb6 31. h3 c5 32. Rg3 f6 33. Bxf6
Rd7 34. Re1 Kf8 35. Bc3 Rcd8 36. Bc6 Re7 37. Rg6 Rd6 38. Bf3 Bc4 39. b3 Bb5 40.
Bg4 Bd7 41. b4 a6 42. bxc5 Bxc5 43. Re5 Rd5 44. Rxd5 exd5 45. Bxd7 Rxd7 46.
Rxa6 Be3 47. Re6 d4 48. Be1 Ra7 49. a3 Kf7 50. Rd6 1/2-1/2

[Event "DEM U10 2018"]
[Site "Willingen GER"]
[Date "2018.05.24"]
[Round "8"]
[White "Klonov, Jakov"]
[Black "Helms, Finn"]
[Result "0-1"]
[Termination "normal"]
[Board "18"]
[WhiteElo "1264"]
[BlackElo "1435"]
[PlyCount "190"]
[WhiteFideId "16211928"]
[BlackFideId "16249143"]
[EventCountry "GER"]
[EventRounds "11"]
[EventType "swiss"]
[EventDate "2018.05.19"]

1. e4 c6 2. d4 d5 3. exd5 cxd5 4. c4 Nf6 5. Nc3 Nc6 6. Nf3 Bg4 7. Be3 e6 8. Bd3
dxc4 9. Bxc4 Bb4 10. Bb5 Qb6 11. Bxc6+ Qxc6 12. Bd2 Bxf3 13. Qxf3 Qxf3 14. gxf3
Rd8 15. a3 Ba5 16. Be3 Ke7 17. Rg1 g6 18. Rd1 Rd7 19. Rg5 Nd5 20. Bd2 Nxc3 21.
bxc3 Rd5 22. Rxd5 exd5 23. Rb1 b6 24. Ke2 Rc8 25. Rb3 Ke6 26. f4 f5 27. Kf3 Kf6
28. h4 h5 29. Kg3 Rc4 30. Kf3 a6 31. Ke3 b5 32. Kd3 Kf7 33. Ke3 Bd8 34. Kf3
Bxh4 35. Kg2 Be7 36. Kg3 Rc6 37. Be3 Re6 38. Kh3 Rb6 39. Bd2 a5 40. a4 b4 41.
cxb4 Bxb4 42. Kg3 g5 43. Kf3 g4+ 44. Kg3 h4+ 45. Kh2 Ke6 46. Be1 Rb8 47. Kg2
Kd7 48. Bd2 Kc7 49. Be3 Bd6 50. Rxb8 Kxb8 51. Kh1 Kc7 52. Kg2 Kd7 53. Kh1 Ke6
54. Kg2 Kf6 55. Kh1 Kg6 56. Kg2 Kh5 57. Kh2 Bb4 58. Kg2 Be1 59. f3 h3+ 60. Kh2
gxf3 61. Kxh3 f2 62. Kg2 Kg4 63. Kf1 Kg3 64. Bc1 Kf3 65. Bd2 Ke4 66. Bc1 Kxd4
67. Bb2+ Kc4 68. Bc1 d4 69. Ke2 d3+ 70. Kf1 d2 71. Bxd2 Bxd2 72. Kxf2 Bxf4 73.
Kf3 Kb4 74. Kxf4 Kxa4 75. Kxf5 Kb3 76. Ke4 Kb2 77. Kd4 a4 78. Kc4 a3 79. Kd4 a2
80. Ke4 a1=Q 81. Kd5 Qa4 82. Ke5 Qc4 83. Kd6 Qb5 84. Ke6 Qc5 85. Kf6 Qd5 86.
Ke7 Qc6 87. Kf7 Qd6 88. Kg7 Qe6 89. Kf8 Qd7 90. Kg8 Qe7 91. Kh8 Kc3 92. Kg8 Kd4
93. Kh8 Ke5 94. Kg8 Kf6 95. Kh8 Qg7# 0-1

[Event "DEM U10 2018"]
[Site "Willingen GER"]
[Date "2018.05.24"]
[Round "8"]
[White "Apel, Linus"]
[Black "Schreidl, Michael"]
[Result "1-0"]
[Termination "normal"]
[Board "19"]
[WhiteElo "1283"]
[BlackElo "1325"]
[PlyCount "189"]
[WhiteFideId "16265785"]
[BlackFideId "16265750"]
[EventCountry "GER"]
[EventRounds "11"]
[EventType "swiss"]
[EventDate "2018.05.19"]

1. e4 e5 2. Nf3 Nc6 3. Bc4 Bc5 4. Nc3 Nf6 5. d3 h6 6. O-O d6 7. Be3 Bxe3 8.
fxe3 O-O 9. a3 Be6 10. Nd5 Re8 11. Qd2 Rc8 12. Rf2 Bxd5 13. exd5 Ne7 14. e4 Ng4
15. Rff1 Ng6 16. Rae1 Qd7 17. d4 exd4 18. Nxd4 N4e5 19. Be2 Rf8 20. Nf5 Ne7 21.
Ng3 f5 22. exf5 Nxf5 23. Nxf5 Rxf5 24. c4 Rcf8 25. Rxf5 Rxf5 26. Rf1 Rxf1+ 27.
Bxf1 Qa4 28. Qc3 Qd1 29. b3 Ng4 30. h3 Ne5 31. b4 b6 32. c5 bxc5 33. bxc5 Qxd5
34. cxd6 Qxd6 35. Qb3+ Kh7 36. Qc2+ Kh8 37. Qb3 Qb6+ 38. Qxb6 axb6 39. Kf2 Kg8
40. Ke3 Kf7 41. Kd4 Ke6 42. a4 Nc6+ 43. Kc4 Ne5+ 44. Kb5 Kd5 45. g4 Kd4 46. Bg2
c5 47. Kxb6 c4 48. a5 c3 49. a6 c2 50. a7 c1=Q 51. a8=Q Qc5+ 52. Kb7 Qb4+ 53.
Kc7 Qc3+ 54. Kd8 Nf7+ 55. Ke8 Nd6+ 56. Kd7 Qc5 57. Qa1+ Kc4 58. Qc1+ Kb5 59.
Qxc5+ Kxc5 60. Ke7 Nc4 61. Kf7 Ne3 62. Bb7 Kd4 63. Kxg7 Ke5 64. Kxh6 Kf4 65. g5
Nf5+ 66. Kg6 Nh4+ 67. Kh5 Nf5 68. Bc8 Ne7 69. Bg4 Ke5 70. Kh6 Ng8+ 71. Kh7 Ne7
72. h4 Kf4 73. Bd1 Nf5 74. g6 Kg3 75. h5 Kh4 76. g7 Ne7 77. h6 Kg5 78. Bb3 Kh5
79. g8=Q Nxg8 80. Bxg8 Kg5 81. Kg7 Kf5 82. Be6+ Kxe6 83. h7 Kd5 84. h8=Q Ke4
85. Qd8 Kf5 86. Qe7 Kf4 87. Qe6 Kg5 88. Qf6+ Kg4 89. Kf7 Kh5 90. Qg6+ Kh4 91.
Kf6 Kh3 92. Kf5 Kh2 93. Kf4 Kh1 94. Kf3 Kh2 95. Qg2# 1-0

[Event "DEM U10 2018"]
[Site "Willingen GER"]
[Date "2018.05.24"]
[Round "8"]
[White "Fruth, David"]
[Black "Itin, Timofey"]
[Result "0-1"]
[Termination "normal"]
[Board "20"]
[WhiteElo "1482"]
[BlackElo "1298"]
[PlyCount "94"]
[WhiteFideId "16257596"]
[BlackFideId "16265777"]
[EventCountry "GER"]
[EventRounds "11"]
[EventType "swiss"]
[EventDate "2018.05.19"]

1. e4 e5 2. Nf3 Nc6 3. Bc4 Bc5 4. O-O Nf6 5. Nc3 O-O 6. Nxe5 Nxe5 7. Bb3 Bd4 8.
Ne2 Nc6 9. Ba4 Bb6 10. d3 d5 11. Bg5 Bg4 12. Bxc6 bxc6 13. e5 Qe8 14. exf6 Bxe2
15. Qe1 Bxf1 16. Qxe8 Rfxe8 17. Kxf1 gxf6 18. Bxf6 Re6 19. Bc3 Rae8 20. Re1 d4
21. Rxe6 Rxe6 22. Bd2 Re5 23. a4 a5 24. b3 c5 25. Be1 Rh5 26. h3 Kg7 27. Bd2
Kf6 28. Be1 Ke6 29. Kg1 Kd7 30. Bd2 c6 31. Be1 Kc7 32. Bd2 Kb7 33. Kf1 Ka6 34.
Kg1 Rd5 35. Be1 Rd7 36. Bd2 Re7 37. Kf1 Rd7 38. Kg1 c4 39. bxc4 f5 40. Kf1 Bc5
41. Bc1 Bb4 42. Bg5 Rd6 43. Be7 Re6 44. Bxb4 axb4 45. g3 Ka5 46. h4 Kxa4 47. f3
Ka3 0-1

[Event "DEM U10 2018"]
[Site "Willingen GER"]
[Date "2018.05.24"]
[Round "8"]
[White "Scheerer, Julian"]
[Black "Leubner, Paul Damdin"]
[Result "1-0"]
[Termination "normal"]
[Board "21"]
[WhiteElo "1301"]
[BlackElo "1127"]
[PlyCount "107"]
[WhiteFideId "16265769"]
[BlackFideId "16265858"]
[EventCountry "GER"]
[EventRounds "11"]
[EventType "swiss"]
[EventDate "2018.05.19"]

1. e4 e5 2. Nf3 Nc6 3. Bc4 Nf6 4. d4 exd4 5. O-O d6 6. Nxd4 Be7 7. Nxc6 bxc6 8.
Nc3 Be6 9. Bxe6 fxe6 10. Re1 O-O 11. Qe2 Re8 12. e5 Nd7 13. Qg4 Bf8 14. exd6
Nf6 15. dxc7 Qxc7 16. Qg3 Bd6 17. Qh4 Rab8 18. g3 Re7 19. Qc4 Nd5 20. Nxd5 exd5
21. Rxe7 Qxe7 22. Qxc6 Qe6 23. Bf4 Rd8 24. c4 Qd7 25. Qxd7 Rxd7 26. Bxd6 Rxd6
27. cxd5 Rxd5 28. Rc1 Ra5 29. a3 Kf7 30. Kg2 Kg6 31. Rc7 Kh6 32. Kf3 g5 33.
Rc6+ Kg7 34. h4 gxh4 35. gxh4 Kg8 36. Kg4 Rb5 37. Rc8+ Kg7 38. Rc7+ Kg6 39.
Rxa7 Rxb2 40. Ra6+ Kg7 41. f4 Rg2+ 42. Kf5 h6 43. Ra7+ Kh8 44. Kf6 Kg8 45. Ra8+
Kh7 46. a4 Rg6+ 47. Kf5 Rg7 48. a5 Rb7 49. a6 Rc7 50. a7 Rb7 51. Rh8+ Kxh8 52.
a8=Q+ Kg7 53. Qxb7+ Kf8 54. Kf6 1-0

[Event "DEM U10 2018"]
[Site "Willingen GER"]
[Date "2018.05.24"]
[Round "8"]
[White "Bräutigam, Alexander"]
[Black "Ivanov, Alexander"]
[Result "1-0"]
[Termination "normal"]
[Board "22"]
[WhiteElo "1323"]
[BlackElo "1155"]
[PlyCount "67"]
[WhiteFideId "16245210"]
[BlackFideId "34604472"]
[EventCountry "GER"]
[EventRounds "11"]
[EventType "swiss"]
[EventDate "2018.05.19"]

1. c4 f5 2. Nc3 e6 3. g3 Nf6 4. Bg2 Be7 5. b3 O-O 6. Bb2 d6 7. d4 Qe8 8. Nf3
Nc6 9. O-O Qg6 10. Nh4 Qh5 11. Bf3 Ng4 12. h3 Bxh4 13. hxg4 fxg4 14. Bxc6 Bxg3
15. fxg3 bxc6 16. Rxf8+ Kxf8 17. Qf1+ Ke7 18. Qg2 Rb8 19. Qh2 Qg6 20. e4 Bb7
21. Qe2 Rf8 22. Rf1 Rxf1+ 23. Kxf1 Qf6+ 24. Qf2 c5 25. Qxf6+ gxf6 26. d5 exd5
27. exd5 c6 28. Kf2 cxd5 29. cxd5 f5 30. Ke3 Kf6 31. Kf4 h5 32. Ne4+ Kg6 33.
Nxd6 Bxd5 34. Nxf5 1-0

[Event "DEM U10 2018"]
[Site "Willingen GER"]
[Date "2018.05.24"]
[Round "8"]
[White "Müller, Mitja"]
[Black "Pauscher, Moritz"]
[Result "1-0"]
[Termination "normal"]
[Board "23"]
[WhiteElo "1215"]
[BlackElo "1351"]
[PlyCount "157"]
[WhiteFideId "16265807"]
[BlackFideId "16265742"]
[EventCountry "GER"]
[EventRounds "11"]
[EventType "swiss"]
[EventDate "2018.05.19"]

1. d4 d5 2. c4 e6 3. Nc3 Nf6 4. Nf3 Bd6 5. Bg5 Nbd7 6. e3 h6 7. Bh4 g5 8. Bg3
Bb4 9. Qb3 Bxc3+ 10. Qxc3 c6 11. c5 Ne4 12. Qc2 Nxg3 13. hxg3 Qe7 14. b4 Rb8
15. Qa4 a6 16. Bd3 Qf6 17. g4 e5 18. Bc2 exd4 19. Nxd4 Ne5 20. f3 Nc4 21. Qb3
b6 22. cxb6 Rxb6 23. Rd1 Qe7 24. e4 Qxb4+ 25. Qxb4 Rxb4 26. Nxc6 Rb6 27. exd5
Bd7 28. Rd4 Nd6 29. Ne5 Rb2 30. Kd2 Rxa2 31. Re1 Kd8 32. Nxd7 Kxd7 33. Re2 Rc8
34. Kd1 Rb8 35. Ba4+ Rxa4 36. Rxa4 Nb5 37. Rc2 Nc7 38. Kd2 Nxd5 39. Rxa6 Nb4
40. Ra7+ Ke6 41. Rb2 Rd8+ 42. Ke2 Nd5 43. Ra6+ Rd6 44. Rxd6+ Kxd6 45. Rb7 Nf4+
46. Kf2 Ng6 47. Rb6+ Ke7 48. Ke3 Kf8 49. g3 Kg7 50. f4 Ne7 51. Ke4 Nc8 52. Ra6
Ne7 53. f5 f6 54. Ra7 Kf8 55. Ra8+ Kf7 56. Kd4 Nc6+ 57. Kd5 Ne5 58. Ra7+ Kg8
59. Ra4 Kf7 60. Kd6 Kg8 61. Ra7 Kf8 62. Ke6 Kg8 63. Kxf6 Nxg4+ 64. Kg6 Ne5+ 65.
Kxh6 Nf7+ 66. Kg6 Ne5+ 67. Kxg5 Nf7+ 68. Kf6 Nh6 69. Kg6 Kf8 70. Kxh6 Ke8 71.
f6 Kf8 72. Kg6 Ke8 73. f7+ Kf8 74. Ra8+ Ke7 75. f8=Q+ Kd7 76. Qf6 Kc7 77. Ra7+
Kb8 78. Qf7 Kc8 79. Ra8# 1-0

[Event "DEM U10 2018"]
[Site "Willingen GER"]
[Date "2018.05.24"]
[Round "8"]
[White "Rumpold, Jaron"]
[Black "Kamleiter, Noah"]
[Result "1/2-1/2"]
[Termination "normal"]
[Board "24"]
[WhiteElo "1259"]
[BlackElo "1213"]
[PlyCount "110"]
[WhiteFideId "16265793"]
[BlackFideId "16265815"]
[EventCountry "GER"]
[EventRounds "11"]
[EventType "swiss"]
[EventDate "2018.05.19"]

1. d4 Nf6 2. c4 e6 3. Nc3 Bb4 4. Bd2 b6 5. Nf3 Bb7 6. e3 O-O 7. Bd3 Nc6 8. O-O
d6 9. a3 Bxc3 10. Bxc3 Ne7 11. Re1 c5 12. b4 cxd4 13. exd4 Rc8 14. Ng5 d5 15.
c5 h6 16. Nf3 Ne4 17. Qc2 Nxc3 18. Qxc3 bxc5 19. dxc5 Nc6 20. b5 Ne7 21. Nd4
Qc7 22. c6 Qb6 23. Qb4 Nxc6 24. bxc6 Bxc6 25. Qxb6 axb6 26. Rab1 Bd7 27. Rxb6
Rc3 28. Rb3 Rfc8 29. Rxc3 Rxc3 30. Bb5 Bxb5 31. Nxb5 Rc5 32. a4 Kf8 33. f4 Ke7
34. g3 Kd7 35. Kf2 Kc6 36. Ke3 Kb6 37. Kd4 Rc4+ 38. Ke5 Rxa4 39. Nd6 Ra2 40. h4
Ra3 41. Nxf7 Rxg3 42. Kxe6 Rg4 43. Kxd5 Rxf4 44. Re6+ Ka5 45. Nxh6 Rxh4 46. Nf5
Rh5 47. Ke4 Rh1 48. Kd4 Rd1+ 49. Kc5 Rc1+ 50. Kd6 Rb1 51. Re2 Rb6+ 52. Ke7 g6
53. Nd6 Rb4 54. Re5+ Ka4 55. Kf6 Rg4 1/2-1/2

[Event "DEM U10 2018"]
[Site "Willingen GER"]
[Date "2018.05.24"]
[Round "8"]
[White "Fröhlich, Niklas"]
[Black "Burkart, Lloyd Shang"]
[Result "1/2-1/2"]
[Termination "normal"]
[Board "25"]
[WhiteElo "1147"]
[BlackElo "1254"]
[PlyCount "57"]
[WhiteFideId "16245016"]
[BlackFideId "16239059"]
[EventCountry "GER"]
[EventRounds "11"]
[EventType "swiss"]
[EventDate "2018.05.19"]

1. e4 c5 2. d4 cxd4 3. c3 dxc3 4. Nxc3 Nc6 5. Nf3 e6 6. Bc4 Nf6 7. O-O Nxe4 8.
Nxe4 d5 9. Bb5 dxe4 10. Qxd8+ Kxd8 11. Rd1+ Bd7 12. Bxc6 bxc6 13. Ne5 f6 14.
Nxd7 Kc7 15. Nxf8 Rhxf8 16. Be3 a6 17. Rd4 f5 18. Bf4+ Kb6 19. Be3 Kc7 20. Rad1
Rad8 21. Rxd8 Rxd8 22. Rxd8 Kxd8 23. Bd4 g6 24. Kf1 Kd7 25. Ke2 Kd6 26. Ke3
26... Kd5 {(=)} 27. f4 Kd6 28. Be5+ 28... Kd5 {(=)} 29. b3 1/2-1/2

[Event "DEM U10 2018"]
[Site "Willingen GER"]
[Date "2018.05.24"]
[Round "8"]
[White "Hubert, Nikita"]
[Black "Toth, Luca"]
[Result "1/2-1/2"]
[Termination "normal"]
[Board "26"]
[WhiteElo "1122"]
[BlackElo "1218"]
[PlyCount "43"]
[WhiteFideId "16235754"]
[BlackFideId "16260228"]
[EventCountry "GER"]
[EventRounds "11"]
[EventType "swiss"]
[EventDate "2018.05.19"]

1. d4 Nf6 2. Nf3 g6 3. Bf4 Bg7 4. Nbd2 d6 5. c3 O-O 6. e4 c5 7. Bd3 Nh5 8. Be3
b6 9. e5 Nc6 10. Be4 d5 11. Bd3 c4 12. Bc2 f5 13. Nf1 f4 14. Bc1 b5 15. b3 a5
16. bxc4 bxc4 17. Ba4 Qc7 18. Ba3 Re8 19. N1d2 Bd7 20. O-O Rab8 21. Re1 Bh6 22.
e6 1/2-1/2

[Event "DEM U10 2018"]
[Site "Willingen GER"]
[Date "2018.05.24"]
[Round "8"]
[White "Sinka, Silas"]
[Black "Malchereck, Romeo"]
[Result "0-1"]
[Termination "normal"]
[Board "27"]
[WhiteElo "1186"]
[BlackElo "1184"]
[PlyCount "52"]
[WhiteFideId "16265823"]
[BlackFideId "16265831"]
[EventCountry "GER"]
[EventRounds "11"]
[EventType "swiss"]
[EventDate "2018.05.19"]

1. f4 d5 2. Nf3 Nc6 3. e3 Nf6 4. Be2 Bf5 5. O-O e6 6. d3 Bd6 7. Nbd2 O-O 8. Re1
Re8 9. Bf1 e5 10. e4 dxe4 11. dxe4 Bg4 12. h3 Bxf3 13. Qxf3 exf4 14. Nc4 Bc5+
15. Kh1 Qd4 16. Bd3 Nd5 17. Bxf4 Nxf4 18. Qxf4 Ne5 19. Qf1 Nxd3 20. cxd3 Re7
21. Rab1 Rae8 22. Na5 Bb4 23. Nb3 Qe5 24. Re2 f5 25. a3 Bd6 26. Rbe1 Qh2# 0-1

[Event "DEM U10 2018"]
[Site "Willingen GER"]
[Date "2018.05.24"]
[Round "8"]
[White "Westedt, Felix"]
[Black "Schüller, Julian"]
[Result "0-1"]
[Termination "normal"]
[Board "30"]
[WhiteElo "1049"]
[BlackElo "1035"]
[PlyCount "86"]
[WhiteFideId "16265874"]
[BlackFideId "16265882"]
[EventCountry "GER"]
[EventRounds "11"]
[EventType "swiss"]
[EventDate "2018.05.19"]

1. e4 e6 2. d4 d5 3. Nc3 Bb4 4. exd5 exd5 5. Nge2 Ne7 6. a3 Bxc3+ 7. Nxc3 Be6
8. Bd3 Nbc6 9. Be3 Nf5 10. Bxf5 Bxf5 11. Qd2 Be6 12. O-O h6 13. -- {lt. beider
Partieformular folgt noch einmal a3} O-O 14. Ne2 Ne7 15. Ng3 Nf5 16. Nxf5 Bxf5
17. Rfe1 Re8 18. Rac1 Qe7 19. Bxh6 Qf6 20. Rxe8+ Rxe8 21. Bf4 Qb6 22. Qc3 c6
23. h3 f6 24. b4 Qb5 25. g4 Re4 26. Qf3 Bg6 27. h4 Qc4 28. Be3 Qa2 29. h5 Bf7
30. c4 Qxa3 31. cxd5 Bxd5 32. Qf5 Rxe3 33. fxe3 Qxe3+ 34. Kh2 Qxc1 35. Qc8+ Kh7
36. Qf5+ Kh8 37. Qc8+ Bg8 38. Qxb7 Qd2+ 39. Kg3 Qxd4 40. Qxc6 Qxb4 41. Qa6 Qb6
42. Qxb6 axb6 43. Kf4 Be6 0-1

[Event "DEM U10 2018"]
[Site "Willingen GER"]
[Date "2018.05.25"]
[Round "9"]
[White "Hagner, Bennet"]
[Black "Nitsche, Nikolai"]
[Result "1-0"]
[Termination "normal"]
[Board "1"]
[WhiteElo "1833"]
[BlackElo "1810"]
[WhiteClock "00:01:28"]
[BlackClock "00:06:40"]
[PlyCount "107"]
[WhiteFideId "16224477"]
[BlackFideId "16221036"]
[EventCountry "GER"]
[EventRounds "11"]
[EventType "swiss"]
[EventDate "2018.05.19"]

1. e4 {[%clk 1:15:49]} 1... e6 {[%clk 1:15:45]} 2. d4 {[%clk 1:15:54]} 2... d5
{[%clk 1:15:58]} 3. Nc3 {[%clk 1:15:43]} 3... Nf6 {[%clk 1:16:05]} 4. e5 {
[%clk 1:15:24]} 4... Nfd7 {[%clk 1:15:15]} 5. Nf3 {[%clk 1:14:38]} 5... c5 {
[%clk 1:12:58]} 6. Bg5 {[%clk 1:14:16]} 6... Qb6 {[%clk 1:07:44]} 7. dxc5 {
[%clk 1:13:47]} 7... Bxc5 {[%clk 0:54:19]} 8. Qd2 {[%clk 1:12:55]} 8... Nc6 {
[%clk 0:46:51]} 9. O-O-O {[%clk 1:11:38]} 9... Bb4 {[%clk 0:35:53]} 10. a3 {
[%clk 1:08:23]} 10... Bxc3 {[%clk 0:32:44]} 11. Qxc3 {[%clk 1:08:46]} 11... Qc5
{[%clk 0:31:20]} 12. Qxc5 {[%clk 0:52:51]} 12... Nxc5 {[%clk 0:26:02]} 13. c4 {
[%clk 0:48:18]} 13... O-O {[%clk 0:11:21]} 14. cxd5 {[%clk 0:38:58]} 14... exd5
{[%clk 0:11:40]} 15. Rxd5 {[%clk 0:38:49]} 15... Nb3+ {[%clk 0:11:57]} 16. Kc2
{[%clk 0:38:32]} 16... Be6 {[%clk 0:10:03]} 17. Rd1 {[%clk 0:32:12]} 17... Rac8
{[%clk 0:07:13]} 18. Kb1 {[%clk 0:31:51]} 18... Nca5 {[%clk 0:00:37]} 19. Bd3 {
[%clk 0:31:08]} 19... Rc7 {[%clk 0:00:34]} 20. Bc2 {[%clk 0:30:46]} 20... h6 {
[%clk 0:00:32]} 21. Bd8 {[%clk 0:29:34]} 21... Rc8 22. Bxa5 {[%clk 0:29:01]}
22... Nxa5 {[%clk 0:00:56]} 23. Nd4 {[%clk 0:29:04]} 23... Bd5 {[%clk 0:00:34]}
24. Nf5 {[%clk 0:28:40]} 24... Rxc2 {[%clk 0:00:33]} 25. Ne7+ {[%clk 0:29:03]}
25... Kh7 {[%clk 0:00:56]} 26. Rxd5 {[%clk 0:28:35]} 26... Rxf2 {[%clk 0:01:17]
} 27. Rxa5 {[%clk 0:28:55]} 27... Re8 {[%clk 0:01:41]} 28. Nd5 {[%clk 0:28:58]}
28... Rxe5 {[%clk 0:01:38]} 29. Rd1 {[%clk 0:28:40]} 29... Ree2 {[%clk 0:01:30]
} 30. Rb5 {[%clk 0:28:11]} 30... Rxg2 {[%clk 0:01:07]} 31. Rxb7 {[%clk 0:27:18]
} 31... Rxh2 {[%clk 0:01:16]} 32. Rg1 {[%clk 0:26:48]} 32... Rhf2 { [%clk
0:00:50]} 33. Nc3 {[%clk 0:26:15]} 33... Rc2 {[%clk 0:00:48]} 34. Ne4 { [%clk
0:26:05]} 34... Rfe2 {[%clk 0:01:10]} 35. Nd6 {[%clk 0:21:46]} 35... Rg2 {[%clk
0:00:50]} 36. Rh1 {[%clk 0:17:16]} 36... Rh2 {[%clk 0:00:55]} 37. Rxh2 { [%clk
0:15:39]} 37... Rxh2 {[%clk 0:01:01]} 38. Rxa7 {[%clk 0:15:46]} 38... h5 {[%clk
0:00:53]} 39. a4 {[%clk 0:14:22]} 39... h4 {[%clk 0:01:12]} 40. Rxf7 { [%clk
0:13:15]} 40... Rh1+ {[%clk 0:00:59]} 41. Ka2 {[%clk 0:13:28]} 41... h3 { [%clk
0:01:22]} 42. Nf5 {[%clk 0:07:45]} 42... Rg1 {[%clk 0:01:04]} 43. Ng3 { [%clk
0:10:43]} 43... h2 {[%clk 0:10:09]} 44. Rf2 {[%clk 0:07:07]} 44... h1=Q { [%clk
0:08:16]} 45. Nxh1 {[%clk 0:07:33]} 45... Rxh1 {[%clk 0:08:39]} 46. a5 { [%clk
0:06:58]} 46... g5 {[%clk 0:08:32]} 47. b4 {[%clk 0:06:00]} 47... Kg6 { [%clk
0:07:29]} 48. b5 {[%clk 0:03:33]} 48... g4 {[%clk 0:06:28]} 49. Rg2 { [%clk
0:02:13]} 49... Kf5 {[%clk 0:06:15]} 50. a6 {[%clk 0:01:20]} 50... Kf4 { [%clk
0:05:33]} 51. a7 {[%clk 0:01:02]} 51... Rh8 {[%clk 0:05:52]} 52. b6 { [%clk
0:01:20]} 52... g3 {[%clk 0:06:16]} 53. b7 {[%clk 0:01:32]} 53... Kf3 { [%clk
0:06:40]} 54. a8=Q {[%clk 0:01:28]} 1-0

[Event "DEM U10 2018"]
[Site "Willingen GER"]
[Date "2018.05.25"]
[Round "9"]
[White "Kempe, Caius Emilian"]
[Black "Möller, Maurin"]
[Result "1/2-1/2"]
[Termination "normal"]
[Board "3"]
[WhiteElo "1522"]
[BlackElo "1500"]
[WhiteClock "00:38:21"]
[BlackClock "00:47:14"]
[PlyCount "80"]
[WhiteFideId "16246861"]
[BlackFideId "16265696"]
[EventCountry "GER"]
[EventRounds "11"]
[EventType "swiss"]
[EventDate "2018.05.19"]

1. e4 {[%clk 1:15:58]} 1... e5 {[%clk 1:15:57]} 2. Nf3 {[%clk 1:16:23]} 2...
Nf6 {[%clk 1:16:24]} 3. Nxe5 {[%clk 1:16:26]} 3... d6 {[%clk 1:16:50]} 4. Nf3 {
[%clk 1:16:25]} 4... Nxe4 {[%clk 1:17:15]} 5. d4 {[%clk 1:16:35]} 5... d5 {
[%clk 1:17:40]} 6. Bd3 {[%clk 1:16:43]} 6... Bd6 {[%clk 1:17:31]} 7. O-O {
[%clk 1:16:47]} 7... O-O {[%clk 1:17:58]} 8. c4 {[%clk 1:16:56]} 8... c6 {
[%clk 1:17:18]} 9. Nc3 {[%clk 1:17:10]} 9... Re8 {[%clk 1:17:31]} 10. Re1 {
[%clk 1:15:32]} 10... Nxc3 {[%clk 1:09:26]} 11. Rxe8+ {[%clk 1:14:34]} 11...
Qxe8 {[%clk 1:09:48]} 12. bxc3 {[%clk 1:14:36]} 12... Bg4 {[%clk 1:10:14]} 13.
Bd2 {[%clk 1:11:14]} 13... Nd7 {[%clk 1:10:29]} 14. Bxh7+ {[%clk 1:10:57]}
14... Kxh7 {[%clk 1:09:59]} 15. Ng5+ {[%clk 1:11:17]} 15... Kg8 {[%clk 1:07:07]
} 16. Qxg4 {[%clk 1:09:16]} 16... Nf6 {[%clk 1:07:26]} 17. Qf3 {[%clk 1:08:05]}
17... dxc4 {[%clk 1:07:41]} 18. Re1 {[%clk 1:07:46]} 18... Qd7 {[%clk 1:07:28]}
19. Ne4 {[%clk 1:07:23]} 19... Be7 {[%clk 1:04:38]} 20. Bg5 {[%clk 1:01:58]}
20... Nxe4 {[%clk 1:00:27]} 21. Bxe7 {[%clk 1:02:15]} 21... Qxe7 { [%clk
1:00:46]} 22. Qxe4 {[%clk 1:01:23]} 22... Qxe4 {[%clk 1:01:05]} 23. Rxe4 {[%clk
1:01:48]} 23... Kf8 {[%clk 1:01:20]} 24. f3 {[%clk 1:02:04]} 24... Re8 { [%clk
1:01:27]} 25. Kf2 {[%clk 1:02:28]} 25... a5 {[%clk 0:59:30]} 26. Ke2 { [%clk
1:02:11]} 26... b5 {[%clk 0:59:55]} 27. a3 {[%clk 1:02:29]} 27... Rxe4+ 28.
fxe4 {[%clk 1:02:52]} 28... Ke8 {[%clk 1:00:03]} 29. h4 {[%clk 0:59:29]} 29...
Kd7 {[%clk 1:00:19]} 30. g4 {[%clk 0:59:44]} 30... f6 {[%clk 0:59:58]} 31. h5
{[%clk 0:57:05]} 31... Ke6 {[%clk 1:00:19]} 32. Ke3 {[%clk 0:56:38]} 32... Kd6
{[%clk 0:59:58]} 33. Kd2 {[%clk 0:55:45]} 33... Ke6 {[%clk 0:57:16]} 34. Kc2
{[%clk 0:54:57]} 34... a4 {[%clk 0:48:51]} 35. Kd2 {[%clk 0:54:33]} 35... Kd6
{[%clk 0:49:13]} 36. Ke3 {[%clk 0:54:12]} 36... Ke6 {[%clk 0:49:37]} 37. Kf4
{[%clk 0:52:37]} 37... Kd6 {[%clk 0:49:06]} 38. e5+ {[%clk 0:52:14]} 38... Ke6
{[%clk 0:49:31]} 39. Ke4 {[%clk 0:51:28]} 39... Kf7 {[%clk 0:47:14]} 40. Kf4
{[%clk 0:38:21]} 40... Ke6 1/2-1/2